000 00461nam a2200205Ia 4500
008 140626s9999 xx 000 0 und d
100 _aNachura, Celia.
245 _aBoracay bliss /
_cCelia Nachura.
260 _cc2013.
300 _a5 : 7, page 12
440 _aView
521 _aTOU
650 _aBeauty.
650 _aBoracay.
650 _aPhilippines.
650 _aRelaxation.
650 _aTourism.
650 _aWellness.
942 _cSE
999 _c121111
_d121111